000 00515nam a22001937a 4500
003 DO-SdBNP
005 20240307073949.0
007 ta
008 220707b2010 dr ||||| |||| 00| 0 spa d
040 _aDO-SdBNP
_bspa
_cBNPHU
082 4 _bE79o
_222
245 0 3 _aEl estatuto orgánico de la UASD
260 _aSanto Domingo :
_bUASD,
_c2010.
300 _a124 p. ;
_c23 cm.
590 _aInventariado, 2022/BT
710 1 _aUniversidad Autónoma de Santo Domingo
_972951
910 _aBtavárez
942 _2ddc
_cLBS1
999 _c52157
_d52157